Things that start with G by image - Statistics

General Stats
  • This quiz has been taken 58 times
  • The average score is 9 of 12
Answer Stats
Picture Answer % Correct
Google
100%
Ginger
94%
Greece
94%
Gandhi
90%
Great wall
86%
German shepherd
82%
Guinea pig
76%
Great britain
65%
Graham cracker
63%
Greenland
59%
Guyana
57%
Gibraltar
37%
No matching quizzes found
Score Distribution
Percent of People with Each Score
Percentile by Number Answered
Your Score History
You have not taken this quiz